[Event "Barcelona Sant Marti op-B 16th"]
[Site "Barcelona"]
[Date "2014.07.21"]
[Round "9"]
[White "Navarro Pastor, Raul"]
[Black "Garcia Hernandez, Jose Luis"]
[Result "1-0"]
[WhiteElo "1868"]
[BlackElo "1700"]
[PlyCount "137"]
[EventDate "2014.07.13"]
[EventType "swiss"]
[EventRounds "9"]
[EventCountry "ESP"]
[SourceTitle "CBM 161 Extra"]
[Source "ChessBase"]
[SourceDate "2014.08.29"]
[SourceVersion "1"]
[SourceVersionDate "2014.08.29"]
[SourceQuality "1"]

1. e4 e5 2. Nf3 Nc6 3. Bc4 d6 4. d4 Bg4 5. Nc3 Qd7 6. dxe5 dxe5 7. Qxd7+ Bxd7 8. 0-0 f6 9. Be3 Nb4 10. Rfc1 Bd6 11. a3 Nc6 12. Nb5 Nge7 13. Nxd6+ cxd6 14. Rd1 Na5 15. Ba2 Nc8 16. b4 Nc6 17. Bd5 Nd8 18. Bb3 Ne6 19. c4 Ke7 20. Rd3 Bc6 21. Nd2 Nf4 22. Bxf4 exf4 23. f3 g5 24. h3 b6 25. Rd1 Rb8 26. Nb1 h5 27. Kf2 h4 28. Nc3 Rd8 29. Ne2 Bd7 30. Ke1 Rb7 31. Kd2 b5 32. Ke1 bxc4 33. Bxc4 Nb6 34. Ba6 Rc7 35. Rxd6 Nc4 36. Bxc4 Rxc4 37. Ra6 Ra8 38. Rdd6 Rf8 39. Kd2 Bc8 40. Rac6 Rxc6 41. Rxc6 Rd8+ 42. Kc2 Bd7 43. Rc7 Rc8 44. Rxc8 Bxc8 45. Kc3 Ba6 46. Ng1 Bf1 47. Kd4 Bxg2 48. Kc5 Bf1 49. b5 Kd7 50. Kb4 Kc7 51. Ka5 Kb7 52. a4 Bd3 53. Kb4 a6 54. Kc5 a5 55. Kd6 Bc2 56. Ne2 Bxe4 57. Nd4 Bd3 58. Ke6 Bf1 59. Kxf6 Bxh3 60. Kxg5 Bf1 61. Kxh4 Kb6 62. Kg4 Kc5 63. Nc6 Bc4 64. Nxa5 Bd5 65. Kxf4 Kb6 66. Nc6 Bb3 67. a5+ Kc5 68. a6 Bd5 69. a7 1-0